000 00508nam a22001457a 4500
008 150313b xxu||||| |||| 00| 0 eng d
050 _aPR1263.W562
100 _aWheeleer, C.B.
_916385
245 _aSix plays
_bby contemporaries of shakespeare
_c/by Charles Bickerstreth Wheeler
260 _aLondon
_bOxford university Press
_c1915
300 _ax,595p. ;
_c16cm.
440 _aThe World classics
_nno,199
_916386
650 _aEnglish drama
_xEarly modern and Elizabethan
_916387
942 _2lcc
_cMONOGRAPH
999 _c122455
_d122455